1357 1888 1417 1749 1416 1204 1106 1895 1759 1588 1247 1721 1879 1508 1642 1306 1387 1248 1322 1883 1260 1074 1065 1710 1685 1416 1941 1112 1667 1975 1103 1307 1475 1295 1553 1536 1264 1179 1579 1155 1186 1195 1708 1947 1928 1683 1201 1522 1545 1473 1996 1911 1618 1591 1980 1460 1317 1293 1963 1399 1160 1922 1070 1038 1261 1712 1519 1517 1712 1334 1854 1858 1449 1195 1391 1302 1675 1914 1667 1360 1462 1184 1695 1118 1809 1098 1247 1833 1107 1108 1622 1049 1634 1042 1914 1228 1475 1357 1113 BCNSPRNW ULIB Ver.6.0+V

เปลี่ยนเป็นภาษาไทย

Change to English
 แสดงรายละเอียดบรรณานุกรม
  กลับหน้าหลัก

Brief Record : Get Marc (ISO 2709) : E-mail record : QR code < ปิดหน้าต่าง
LEADER : 00000nam 2200000uu 4500
001    13399112381
003     ULIB
008    110627s2552||||th 000 0 tha d
020    9789740461845
090    นว.^bM111ห 2552
100 0  May 112
245 00 หนุ่มกวนสาวแกร่งรักแรงคูณสอง/^cMay 112
250    พิมพ์ครั้งที่ 1
260    กรุงเทพฯ :^bแจ่มใส,^c2552
300    225 หน้า
710 1  แจ่มใส
945    ^p169^l0^i026756
995    ทศพร
999 ^a ใช้งานได้ทุกระบบ
รายการนี้ยังไม่มีแท็ก
คุณยังไม่ได้ล็อกอิน คุณสามารถมีกิจกรรมร่วมกับเว็บไซต์ได้ แต่ต้องล็อกอินก่อน ::
  ล็อกอิน

รายการสื่อสารสนเทศ

ลำดับที่ ประเภท เลขเรียก/บาร์โค้ด สถานที่ สถานะ
- ไม่พบข้อมูล -

BibComment


ยังไม่เคยถูกคอมเมนท์

คอมเมนท์ทรัพยากรรายการนี้
  คอมเมนท์: หนุ่มกวนสาวแกร่งร..


 Copyright 2026. Bcnsprnw @Library